Sarrasine / (Record no. 13106)

MARC details
000 -BAŞLIK
Sabit Uzunlukta Kontrol Alanı 00691nam a22002177a 4500
999 ## - SİSTEM KONTROL NUMARALARI (KOHA)
Koha Biblionumber 13106
Koha Biblioitemnumber 13106
003 - KONTROL NUMARASI IDENTIFIER
Denetim Alanı MIRAKIL
005 - SON İŞLEM TARİHİ VE ZAMANI
Denetim Alanı 20190329112720.0
008 - SABİT-BOY VERİ ELEMANLARI - GENEL BİLGİLER
Sabit Uzunlukta Kontrol Alanı 190329b tu ||||| |||| 00| 0 tur d
020 ## - ULUSLARARASI STANDART KİTAP NUMARASI
Uluslararası Standart Kitap Numarası 9786052952580
040 ## - KATALOGLAMA KAYNAK
Orijinal Kataloglama Ajansı TR-AnCHP
Metne Dönüştürmek Ajansı TR-AnCHP
041 ## - DİL KODU
Metin / Ses Parça Veya Ayrı Başlığın Dil Kodu tur
082 ## - DEWEY ONLU SINIFLANDIRMA NUMARASI
Sınıflandırma Numarası 843.7
Ürün Numarası B24s 2017
100 ## - ANA GİRİŞ - KİŞİSEL İSİM
Kişisel Ad Balzac, Honoré de
245 10 - BAŞLIK TABLOSU
Başlık Sarrasine /
Sorumluluk Tablosu, Vb Honoré de Balzac ; çeviren Ali Berktay.
260 ## - YAYIN, DAĞITIM, VB
Yayın, Dağıtım, Vb Yeri İstanbul :
Yayıncı, Dağıtıcı, Vs Adı Türkiye İş Bankası Kültür Yayınları,
Yayın, Dağıtım, Vb Tarihi 2017.
300 ## - FİZİKSEL TANIM
Kapsam 66 s.:
Boyutlar 22 sm.
490 0# - SERİSİ TABLOSU
Seri Beyanı Türkiye İş Bankası Kültür Yayınları;
Hacim / Ardışık Tanımı genel yayın: 4010.
650 #0 - KONU KATMA GİRİŞ - TOPİKAL DÖNEM
9 (RLIN) 5051
Topikal Süreli Veya Coğrafi Ad Giriş Elemanı Fransız Edebiyatı
Genel Alt Bölümü Roman
700 1# - KATMA GİRİŞ - KİŞİSEL İSİM
9 (RLIN) 1592
Kişisel Ad Berktay, Ali
Relator Terim çev.
942 ## - EKLENDİ GİRİŞ ELEMANLARI (KOHA)
Sınıflandırma Veya Raf Düzeni Kaynak Dewey Decimal Classification
Koha Öğesi Türü Books
Holdings
Kalıcı Konum Mevcut Konum Edinme Tarihi Toplam Check-Out'Lar Tam Çağrı Numarası Barkod Tarih Son Görülme İtibaren Geçerli Fiyatlar Koha Öğesi Türü
CHP Kütüphanesi CHP Kütüphanesi 03/29/2019   843.7 B24s 2017 019133 03/29/2019 03/29/2019 Books